[Event "Eq:BEAC Hungary-Team USA : "]
[Site "www.chess-mail.com"]
[Date "2015.02.07"]
[Round "1"]
[White "Preacher59"]
[Black "Stevefillion"]
[WhiteElo "1940"]
[BlackElo "2320"]
[Result "0-1"]
[Round "1"]
1.c4 e5
2.Nb1c3 Ng8f6
3.d3 d5
4.cxd5 Nf6xd5
5.g3 Bf8e7
6.Bf1g2 Bc8e6
7.Ng1f3 Nb8c6
8.O-O O-O
9.Bc1d2 f5
10.a3 Nd5b6
11.Qd1c2 a5
12.Ra1b1 a4
13.Bd2e3 Nc6d4
14.Qc2d1 Be7f6
15.Nf3d2 c6
16.f4 exf4
17.Rf1xf4 Bf6g5
18.Be3xd4 Bg5xf4
19.gxf4 Qd8xd4
20.Kh1 Qd4xf4
21.Qd1f1 Qf4xd2
22.Qf1f2 Nb6d5
23.Nc3xd5 Be6xd5
{ resign }
0-1

[Event "Eq:BEAC Hungary-La Taverne : "]
[Site "www.chess-mail.com"]
[Date "2015.02.07"]
[Round "1"]
[White "Emmanuel69"]
[Black "Stevefillion"]
[WhiteElo "1940"]
[BlackElo "2320"]
[Result "0-1"]
[Round "1"]
1.b3 d5
2.e3 e5
3.Bc1b2 Bf8d6
4.g3 Ng8f6
5.Bf1g2 O-O
6.Ng1e2 Rf8e8
7.d3 c5
8.Nb1d2 Nb8c6
9.O-O Bc8g4
10.h3 Bg4e6
11.a3 Qd8d7
12.Kh2 Ra8d8
13.f4 Nf6h5
14.Qd1e1 f5
15.Qe1f2 Nh5f6
16.fxe5 Nc6xe5
17.Nd2f3 Ne5g4
18.hxg4 Nf6xg4
{ resign }
0-1

[Event "Fast Game"]
[Site "www.echecsemail.com"]
[Date "2015.02.07"]
[Round "1"]
[White "Nimzo2"]
[Black "Groz"]
[WhiteElo "1599"]
[BlackElo "1599"]
[Result "1-0"]
[Round "1"]
1.d4 d5
2.c4 c6
3.Nb1c3 Ng8f6
4.e3 a6
5.a4 Bc8f5
6.Bf1d3 Bf5xd3
7.Qd1xd3 g6
8.Ng1f3 Bf8g7
9.O-O O-O
10.e4 dxe4
11.Nc3xe4 Nb8d7
12.Ne4g3 Rf8e8
13.Bc1f4 e5
14.dxe5 Nf6g4
15.Ra1d1 Ng4xe5
16.Nf3xe5 Nd7xe5
17.Qd3b3 Qd8a5
18.Ng3e4 Re8e7
19.Bf4d2 Qa5c7
20.Bd2c3 Ne5d7
21.Ne4d6 Bg7xc3
22.Qb3xc3 Nd7c5
23.Qc3d4 Nc5e6
24.Qd4f6 Ra8d8
25.Nd6xf7 Re7xf7
26.Qf6xe6 Rd8xd1
27.Rf1xd1 Kg7
28.g3 Rf7e7
29.Qe6d6 Re7e1
30.Kg2 Qc7f7
31.Rd1xe1 { resign }
1-0

[Event "Fast Game"]
[Site "www.echecsemail.com"]
[Date "2015.02.07"]
[Round "1"]
[White "4knights"]
[Black "Vitoriccardo"]
[WhiteElo "1599"]
[BlackElo "1599"]
[Result "1/2-1/2"]
[Round "1"]
1.d4 d5
2.c4 e6
3.Nb1c3 Bf8e7
4.Ng1f3 Ng8f6
5.Bc1g5 O-O
6.e3 Nb8d7
7.Ra1c1 b6
8.Bf1d3 h6
9.Bg5h4 Bc8b7
10.O-O c5
11.Bh4g3 Ra8c8
12.Qd1c2 Nf6e4
13.Bd3xe4 dxe4
14.Nc3xe4 Bb7xe4
15.Qc2xe4 Nd7f6
16.Qe4g4 Be7d6
17.Qg4h3 Bd6xg3
18.hxg3 Nf6e4
19.Rf1d1 Ne4g5
20.Qh3h4 Ng5xf3
21.gxf3 Qd8xh4
22.gxh4 Rf8d8
23.d5 exd5
24.Rd1xd5 Kf8
25.Rc1d1 Ke7
26.e4 Rd8xd5
27.Rd1xd5 Rc8d8
28.Rd5xd8 Kxd8
29.f4 Kd7
30.f5 Kd6
31.f4 g6
32.e5 Ke7
33.Kf2 gxf5
34.h5 Ke6
35.Ke3 a6
36.a4 a5
37.b3 f6
38.exf6 Kxf6
39.Kf3 { draw }
1/2-1/2

[Event "Fast Game"]
[Site "www.echecsemail.com"]
[Date "2015.02.07"]
[Round "1"]
[White "Gorgo"]
[Black "Birdchess"]
[WhiteElo "1599"]
[BlackElo "1549"]
[Result "1-0"]
[Round "1"]
1.d4 Ng8f6
2.c4 c5
3.d5 b5
4.cxb5 a6
5.bxa6 Bc8xa6
6.Nb1c3 d6
7.Ng1f3 g6
8.e4 Ba6xf1
9.Kxf1 Bf8g7
10.g3 O-O
11.Kg2 Nb8d7
12.h3 Qd8b6
13.Qd1c2 Rf8b8
14.Ra1b1 Qb6a5
15.a3  { time }
1-0

[Event "Fast Game"]
[Site "www.echecsemail.com"]
[Date "2015.02.07"]
[Round "1"]
[White "E4player"]
[Black "Tenzinnima"]
[WhiteElo "1599"]
[BlackElo "1900"]
[Result "1-0"]
[Round "1"]
1.e4 e6
2.d4 d5
3.Nb1d2 dxe4
4.Nd2xe4 Nb8d7
5.Ng1f3 Ng8f6
6.Bf1d3 Nf6xe4
7.Bd3xe4 Nd7f6
8.Bc1g5 Qd8d6
9.Bg5xf6 gxf6
10.c3 f5
11.Be4c2 Bc8d7
12.Qd1e2 O-O-O
13.Nf3e5 Bd7e8
14.Bc2b3 f6
15.Ne5d3 e5
16.Ra1d1 exd4
17.O-O Kb8
18.Rf1e1 Be8c6
19.Nd3b4 Qd6d7
20.Rd1xd4 Bf8d6
21.Bb3e6 Bc6xg2
22.Be6xd7 Rh8g8
23.Bd7xf5 Bg2f3
24.Rd4g4 Bf3xe2
25.Re1xe2 Rg8xg4
26.Bf5xg4 Rd8g8
27.Kh1 a5
28.Bg4e6 Rg8e8
29.Nb4d3 c5
30.c4 b6
31.f4 f5
32.Kg2 Kc7
33.Kf3 Re8e7
34.Be6xf5 Re7xe2
35.Kxe2 { resign }
1-0

[Event "Tourn. n7953"]
[Site "www.chess-mail.com"]
[Date "2015.02.08"]
[Round "1"]
[White "Odin"]
[Black "Faerieking"]
[WhiteElo "1690"]
[BlackElo "1789"]
[Result "0-1"]
[Round "1"]
1.c4 Ng8f6
2.d4 e6
3.Nb1c3 Bf8b4
4.Ng1f3 c5
5.a3 Bb4xc3
6.bxc3 h6
7.e3 O-O
8.Bf1d3 d5
9.cxd5 exd5
10.O-O c4
11.Bd3c2 Rf8e8
12.Nf3e5 Nb8c6
13.Bc2a4 Bc8d7
14.Ne5xd7 Qd8xd7
15.f3 a6
16.Ba4c2 b5
17.Bc1d2 a5
18.Rf1e1 Ra8b8
19.e4 b4
20.Bc2a4 b3
21.e5 Nf6h7
22.Bd2f4 Re8e6
23.Ra1b1 Qd7c7
24.Rb1b2 Nc6a7
25.h4 Na7b5
26.Ba4xb5 Rb8xb5
27.a4 Rb5b8
28.g4 Qc7d7
29.Re1e2 Qd7xa4
30.Re2g2 g5
31.Bf4g3 Qa4b5
32.f4 gxf4
33.Bg3xf4 a4
34.g5 hxg5
35.Bf4xg5 Re6g6
36.Bg5f6 a3
37.Rg2xg6 fxg6
38.Rb2g2 Nh7f8
39.Qd1h5 Qb5e8
40.Qh5h8 Kf7
41.Bf6g5 b2
42.Rg2f2 Ke6
43.Qh8f6 Kd7
44.Qf6d6 Kc8
45.Rf2xf8 b1Q
46.Rf8f1 a2
47.Qd6c5 Kb7
48.Qc5xd5 Qe8c6
49.Qd5f7 Ka8
50.e6 Qb1xf1
51.Kxf1 a1Q
52.Kf2 Rb8b2
53.Kg3 Qa1g1
{ resign }
0-1

[Event "Tourn. n8068"]
[Site "www.chess-mail.com"]
[Date "2015.02.08"]
[Round "1"]
[White "Nimzo2"]
[Black "Caspito"]
[WhiteElo "1659"]
[BlackElo "1840"]
[Result "1-0"]
[Round "1"]
1.e4 e5
2.Ng1f3 Nb8c6
3.Bf1c4 Ng8f6
4.d3 d5
5.exd5 Nf6xd5
6.O-O Bc8g4
7.Bc1g5 Bf8e7
8.Bg5xe7 Nd5xe7
9.Bc4xf7 Kxf7
10.Nf3g5 Kg8
11.Qd1xg4 Qd8d6
12.Nb1c3 Qd6g6
13.Qg4c4 Kf8
14.Ng5e6 { resign }
1-0

[Event "Tourn. n7707"]
[Site "www.chess-mail.com"]
[Date "2015.02.08"]
[Round "1"]
[White "Pgcbies"]
[Black "Numanoid"]
[WhiteElo "2740"]
[BlackElo "2420"]
[Result "1-0"]
[Round "1"]
1.e4 g6
2.d4 Bf8g7
3.Nb1c3 d6
4.f4 Ng8f6
5.Ng1f3 c5
6.Bf1b5 Bc8d7
7.e5 Nf6g4
8.Bb5xd7 Qd8xd7
9.h3 cxd4
10.Qd1xd4 Nb8c6
11.Qd4e4 Ng4h6
12.Bc1e3 Nh6f5
13.Be3f2 dxe5
14.fxe5 e6
15.g4 Nf5e7
16.Bf2c5 O-O-O
17.Bc5d6 h5
18.Rh1g1 hxg4
19.hxg4 Ne7d5
20.O-O-O Nd5xc3
21.bxc3 Qd7e8
22.Nf3d4 Nc6a5
23.Nd4b3 Qe8c6
24.Qe4b4 Na5xb3
25.axb3 Bg7f8
26.Rg1f1 f5
27.Rf1e1 b6
28.Bd6xf8 Rh8xf8
29.Rd1d6 Rd8xd6
30.exd6 Rf8e8
31.Qb4d4 fxg4
32.Qd4d3 g5
33.Kb2 Kb8
34.Re1e5 g3
35.d7 Re8d8
36.Qd3xg3 Qc6c7
37.Qg3e3 Rd8xd7
38.Re5xe6 Qc7f4
39.Re6e8 Kb7
40.Qe3e2 Qf4d2
41.Qe2g4 Qd2d5
42.Qg4g3 Ka6
43.Re8e5 Qd5c6
44.Re5xg5 Kb7
45.Qg3h3 Rd7c7
46.Rg5g4 Qc6d5
47.Qh3d3 Qd5h1
48.Rg4g8 Qh1c6
49.Rg8g6 Qc6c5
50.Qd3f3 Ka6
51.Rg6g4 Qc5c6
52.Qf3g3 Kb7
53.Rg4c4 Qc6d7
54.Qg3xc7 Qd7xc7
55.Rc4xc7 Kxc7
56.b4 Kc6
57.c4 a6
58.Kb3 { resign }
1-0

[Event "Tourn. n7984"]
[Site "www.chess-mail.com"]
[Date "2015.02.08"]
[Round "1"]
[White "Powerchess"]
[Black "Passaroa25"]
[WhiteElo "1340"]
[BlackElo "1500"]
[Result "1/2-1/2"]
[Round "1"]
1.d4 d5
2.c4 Bc8e6
3.cxd5 Qd8xd5
4.Nb1c3 Qd5d7
5.e4 Ng8f6
6.d5 Be6g4
7.f3 Bg4h5
8.Bc1e3 c6
9.dxc6 Nb8xc6
10.Qd1xd7 Nf6xd7
11.Bf1b5 a6
12.Bb5xc6 bxc6
13.O-O-O O-O-O
14.Ng1e2 e5
15.Ne2g3 Bh5g6
16.Rh1e1 Bf8c5
17.Be3xc5 Nd7xc5
18.Rd1xd8 Rh8xd8
19.Kc2 Kb7
20.Re1d1 Rd8xd1
21.Kxd1 { draw }
1/2-1/2

[Event "Tourn. n8060"]
[Site "www.chess-mail.com"]
[Date "2015.02.08"]
[Round "1"]
[White "Foxy100"]
[Black "Difficult"]
[WhiteElo "2180"]
[BlackElo "2090"]
[Result "0-1"]
[Round "1"]
1.e4 c6
2.f4 d5
3.e5 e6
4.Ng1f3 c5
5.Bf1e2 Nb8c6
6.O-O Ng8h6
7.c3 d4
8.Be2d3 Bf8e7
{ resign }
0-1

[Event "Tourn. n8049"]
[Site "www.chess-mail.com"]
[Date "2015.02.08"]
[Round "1"]
[White "Aperturaf"]
[Black "Foxy100"]
[WhiteElo "2270"]
[BlackElo "2200"]
[Result "1-0"]
[Round "1"]
1.e4 c5
2.Ng1f3 d6
3.d4 cxd4
4.Qd1xd4 a6
5.c4 Nb8c6
6.Qd4d2 g6
7.Bf1e2 Bf8g7
8.h3 Ng8f6
9.Nb1c3 O-O
10.O-O Nf6d7
11.Qd2c2 Nd7e5
12.Nf3xe5 Nc6d4
13.Qc2d1 Bg7xe5
14.Be2d3 { resign }
1-0

[Event "Tourn. n7676"]
[Site "www.chess-mail.com"]
[Date "2015.02.08"]
[Round "1"]
[White "Pretorian"]
[Black "Numanoid"]
[WhiteElo "2419"]
[BlackElo "2440"]
[Result "1/2-1/2"]
[Round "1"]
1.e4 d6
2.d4 Ng8f6
3.Nb1c3 g6
4.f4 Bf8g7
5.Ng1f3 c5
6.Bf1b5 Bc8d7
7.Bb5xd7 Nf6xd7
8.d5 O-O
9.O-O Nb8a6
10.Qd1e2 Qd8b6
11.Rf1d1 Na6c7
12.e5 Qb6a6
13.Qe2e4 b5
14.a3 f6
15.exd6 exd6
16.f5 b4
17.Nc3a2 Ra8e8
18.Qe4g4 Qa6e2
19.Bc1f4 bxa3
20.Na2c3 Qe2xc2
21.Ra1c1 Qc2xf5
22.Qg4xf5 gxf5
23.Bf4xd6 axb2
24.Rc1c2 Nc7a6
25.Bd6xf8 Bg7xf8
26.Rc2xb2 Na6b4
27.Nf3h4 f4
28.Rb2f2 Bf8d6
29.Nc3b5 Bd6e5
30.Nh4f3 Nd7b6
31.Nf3xe5 fxe5
32.d6 Kf7
33.g3 Re8g8
34.d7 Ke7
35.d8Q Rg8xd8
36.Rd1xd8 Kxd8
37.gxf4 Ke7
38.Nb5xa7 Ke6
39.fxe5 Kxe5
40.Na7b5 c4
41.Rf2f7 Nb4d5
42.Rf7xh7 c3
43.Nb5a3 Nd5e3
44.Rh7e7 Kf4
45.Re7c7 Nb6d5
46.Rc7c6 Ke4
47.h4 Nd5f4
48.Kf2 Ne3f5
49.h5 Nf4xh5
50.Rc6xc3 { draw }
1/2-1/2

[Event "Tourn. n7741"]
[Site "www.chess-mail.com"]
[Date "2015.02.08"]
[Round "1"]
[White "Numanoid"]
[Black "Pgcbies"]
[WhiteElo "2460"]
[BlackElo "2760"]
[Result "0-1"]
[Round "1"]
1.e4 c5
2.a3 Nb8c6
3.b4 e5
4.b5 Nc6d4
5.c3 Nd4e6
6.Bf1c4 Ng8f6
7.d3 d5
8.exd5 Nf6xd5
9.Ng1f3 g6
10.Nf3xe5 Bf8g7
11.Qd1f3 Bg7xe5
12.Bc4xd5 O-O
13.O-O a6
14.Rf1e1 Be5g7
15.bxa6 Ra8xa6
16.Bd5c4 Ra6a5
17.Bc1b2 Ne6g5
18.Qf3e3 b5
19.Bc4a2 c4
20.Nb1d2 Bg7h6
21.f4 Ng5e6
22.g3 Bc8b7
23.Nd2e4 Bh6g7
24.Ra1d1 Qd8c7
25.Ba2b1 Ra5a6
26.Rd1d2 f5
27.dxc4 Bb7xe4
28.cxb5 Ra6a4
29.Bb1c2 Ne6c5
30.Bc2xa4 Nc5xa4
31.Bb2a1 Qc7c4
32.Qe3e2 Qc4c5
33.Qe2e3 Qc5xa3
34.g4 Rf8b8
35.gxf5 Be4xf5
36.Qe3a7 Rb8c8
37.h4 Qa3b3
38.h5 Bg7f8
39.Qa7b7 Qb3c4
40.hxg6 hxg6
41.Qb7d5 Qc4xd5
42.Rd2xd5 Na4b6
43.Rd5d1 Bf8c5
44.Kg2 Nb6c4
45.Kg3 Rc8b8
46.Re1e2 Rb8xb5
47.Re2a2 Kf7
48.Rd1e1 Bc5a3
49.Re1h1 Bf5d3
50.Ra2h2 Ba3d6
51.Rh1d1 Rb5g5
52.Kf3 Rg5d5
{ resign }
0-1

[Event "Tourn. n7818"]
[Site "www.chess-mail.com"]
[Date "2015.02.08"]
[Round "1"]
[White "Uliczny2"]
[Black "Azulmarino"]
[WhiteElo "1750"]
[BlackElo "1530"]
[Result "0-1"]
[Round "1"]
1.e4 e5
2.Ng1f3 Nb8c6
3.Bf1b5 Nc6b4
4.c3 Nb4c6
5.d4 a6
6.Bb5xc6 dxc6
7.Nf3xe5 Ng8f6
8.Qd1f3 Bf8d6
9.Ne5d3 Bc8g4
10.Qf3e3 O-O
11.e5 Rf8e8
12.O-O Bd6xe5
13.Nd3xe5 Qd8d5
14.Qe3f4 Bg4h5
15.Bc1e3 Re8e7
16.Nb1d2 c5
17.Nd2f3 Bh5xf3
18.Ne5xf3 Ra8c8
19.Rf1e1 h6
20.Be3d2 Re7e8
21.Re1xe8 Nf6xe8
22.b3 Ne8f6
23.Ra1e1 Nf6h5
24.Qf4g4 cxd4
25.Nf3xd4 Nh5f6
26.Qg4f3 Qd5d6
27.Bd2f4 Qd6c5
28.Re1e3 { time. }
0-1

[Event "Tourn. n7923"]
[Site "www.chess-mail.com"]
[Date "2015.02.08"]
[Round "1"]
[White "Udo40"]
[Black "Fabos12"]
[WhiteElo "1750"]
[BlackElo "1810"]
[Result "0-1"]
[Round "1"]
1.Ng1f3 g6
2.e4 c5
3.d4 Qd8c7
4.d5 Ng8f6
5.Nb1c3 Bf8g7
6.Bf1d3 O-O
7.e5 Nf6e8
8.Bc1f4 f6
9.Bd3c4 Kh8
10.O-O fxe5
11.Bf4g3 d6
12.Nc3e4 Ne8f6
13.Rf1e1 Nf6xe4
14.Re1xe4 Bc8f5
15.Re4e2 e4
16.Nf3d2 Bf5g4
17.f3 exf3
18.gxf3 Bg7d4
19.Kg2 Bg4f5
20.Ra1b1 Qc7d7
21.Nd2b3 Bf5h3
22.Kh1 Bd4e5
23.Bg3xe5 dxe5
24.Re2xe5 b6
25.Qd1e1 Rf8xf3
26.Re5xe7 Qd7d6
27.Re7e8 Kg7
28.Qe1e2 Rf3f5
29.Qe2e7 Qd6xe7
30.Re8xe7 Kh6
31.Re7e8 Kg7
32.d6 Rf5f8
33.Re8xf8 Kxf8
34.Bc4d5 Nb8c6
35.Bd5xc6 Ra8d8
36.Rb1d1 Bh3d7
37.Bc6f3 Kf7
38.Bf3d5 Kg7
39.Nb3d2 Bd7b5
40.Nd2e4 Bb5e2
41.Ne4g5 Rd8xd6
42.Ng5e6 Kh6
43.Rd1d2 Be2f3
44.Kg1 Rd6xd5
45.Rd2xd5 Bf3xd5
46.Ne6c7 Bd5xa2
47.b3 Ba2b1
48.Nc7b5 a5
49.Nb5a3 Bb1a2
50.Kf2 a4
51.Ke2 axb3
{ resign }
0-1

[Event "Tourn. n7966"]
[Site "www.chess-mail.com"]
[Date "2015.02.08"]
[Round "1"]
[White "Passaroa25"]
[Black "Azulmarino"]
[WhiteElo "1520"]
[BlackElo "1560"]
[Result "0-1"]
[Round "1"]
1.e4 e5
2.Ng1e2 d6
3.Ne2g3 Ng8f6
4.f3 Bf8e7
5.Bf1e2 Bc8d7
6.d3 Nb8c6
7.c3 a6
8.Nb1d2 d5
9.b4 b5
10.O-O Be7d6
11.Kh1 dxe4
12.Ng3xe4 Nf6h5
13.Bc1b2 Nc6e7
14.Nd2b3 Ne7d5
15.Ne4xd6 cxd6
16.Qd1c2 Nd5f4
17.Ra1d1 Nh5g3
18.hxg3 Nf4h5
19.g4 Nh5g3
20.Kg1 Ng3xf1
21.Rd1xf1 Qd8h4
22.Bb2c1 h5
23.Bc1e3 hxg4
24.Qc2d1 g3
{ resign }
0-1

[Event "Tourn. n7987"]
[Site "www.chess-mail.com"]
[Date "2015.02.08"]
[Round "1"]
[White "Passaroa25"]
[Black "Pipas"]
[WhiteElo "1490"]
[BlackElo "1660"]
[Result "0-1"]
[Round "1"]
1.e4 e5
2.Ng1e2 d5
3.Ne2g3 d4
4.Bf1b5 Bc8d7
5.Bb5d3 Ng8f6
6.f3 Bf8c5
7.Ng3f5 Bd7xf5
8.b3 Bf5e6
9.Bc1a3 Bc5xa3
10.Nb1xa3 h6
11.Na3c4 Nb8c6
12.a3 Be6xc4
13.Bd3xc4 O-O
14.d3 Nf6h5
15.Qd1e2 Nh5f4
16.Qe2f2 Qd8g5
17.g3 Nf4e6
18.h4 Qg5e7
19.O-O a6
20.Bc4d5 Ra8b8
21.a4 Nc6b4
22.Ra1c1 c6
23.Bd5xe6 Qe7xe6
24.Rc1b1 b5
25.Qf2d2 bxa4
26.bxa4 c5
27.Qd2h2 Nb4a2
28.Rb1xb8 Rf8xb8
29.g4 Na2c3
30.a5 Rb8b2
31.Rf1f2 Rb2a2
32.h5 Nc3d1
33.Rf2g2 Nd1e3
34.Rg2f2 Ra2a1
35.Rf2f1 Ra1xf1

0-1

[Event "Tourn. n7984"]
[Site "www.chess-mail.com"]
[Date "2015.02.08"]
[Round "1"]
[White "Passaroa25"]
[Black "Hansen"]
[WhiteElo "1500"]
[BlackElo "1470"]
[Result "1-0"]
[Round "1"]
1.e4 d5
2.Nb1c3 d4
3.Nc3d5 c6
4.Nd5f4 e5
5.Nf4d3 Bf8d6
6.Ng1e2 c5
7.a3 c4
8.Nd3b4 a5
9.Nb4d5 d3
10.Ne2c3 dxc2
11.Qd1xc2 Nb8c6
12.Bf1xc4 Nc6d4
13.Qc2a4 Bc8d7
14.Qa4d1 b5
15.Bc4d3 b4
16.Nc3b5 Bd7xb5
17.Bd3xb5 Nd4xb5
18.O-O bxa3
19.bxa3 Ra8c8
20.Bc1b2 Rc8c4
21.d3 Rc4c5
22.Ra1c1 Rc5xc1
23.Bb2xc1 g6
24.a4 Nb5d4
25.h3 Qd8h4
26.Rf1e1 f5
27.Bc1e3 Nd4e6
28.Qd1d2 fxe4
29.d4 Ng8e7
30.Nd5xe7 Kxe7
31.d5 Ne6c7
32.Be3g5 Qh4xg5
33.Qd2xg5 Ke8
34.Qg5d2 Rh8f8
35.Qd2xa5 Rf8f4
36.g4 e3
37.Re1xe3 g5
38.Qa5b6 Rf4b4
39.Qb6xd6 Rb4b1
40.Kg2 Rb1b7
41.Re3xe5 Kf7
42.Re5e7 Kg8
43.Qd6d8 Nc7e8
44.Qd8xe8 { resign }
1-0

[Event "Tourn. n8057"]
[Site "www.chess-mail.com"]
[Date "2015.02.08"]
[Round "1"]
[White "Louis"]
[Black "E4player"]
[WhiteElo "1810"]
[BlackElo "1809"]
[Result "0-1"]
[Round "1"]
1.d4 Ng8f6
2.c4 e5
3.dxe5 Nf6g4
4.Bc1f4 g5
5.Bf4g3 Bf8g7
6.Ng1f3 Nb8c6
7.Nb1c3 Ng4xe5
8.Nf3xe5 Nc6xe5
9.e3 h5
10.h4 g4
11.Qd1c2 d6
12.O-O-O b6
13.Bf1e2 Bc8b7
14.Nc3d5 c6
{ resign }
0-1

[Event "Tourn. n8068"]
[Site "www.chess-mail.com"]
[Date "2015.02.08"]
[Round "1"]
[White "Nimzo2"]
[Black "Jjmcbride"]
[WhiteElo "1659"]
[BlackElo "1790"]
[Result "1-0"]
[Round "1"]
1.e4 e5
2.Nb1c3 Ng8f6
3.d4 exd4
4.Qd1xd4 c5
5.Qd4d1 h6
6.Bf1c4 Qd8e7
7.Qd1d3 Qe7d6
8.Ng1f3 Qd6xd3
9.cxd3 d6
10.e5 dxe5
11.Nf3xe5 Bc8e6
12.Bc4xe6 fxe6
13.Nc3b5 Bf8d6
14.Nb5xd6 Kd8
15.Nd6f7 Kc7
16.Nf7xh8 Nb8a6
17.Bc1f4 g5
18.Bf4g3 Nf6h5
19.Nh8f7 Nh5xg3
20.hxg3 { resign }
1-0

[Event "Tourn. n8054"]
[Site "www.chess-mail.com"]
[Date "2015.02.08"]
[Round "1"]
[White "Averoes"]
[Black "Xkafi"]
[WhiteElo "2180"]
[BlackElo "2000"]
[Result "1-0"]
[Round "1"]
1.d4 c5
2.d5 Ng8f6
3.c4 e6
4.Nb1c3 a6
5.e4 Qd8b6
6.e5 Nf6g8
7.d6 f6
8.f4 Nb8c6
9.Ng1f3 Ng8h6
10.Bf1e2 Nh6f5
11.O-O Nf5d4
12.b3 Nd4xf3
13.Be2xf3 fxe5
14.Bf3xc6 Qb6xc6
15.fxe5 b6
16.Bc1g5 Bc8b7
17.Qd1h5 g6
18.Qh5e2 Bf8g7
19.Bg5f6 Rh8g8
20.Ra1e1 Bg7h6
21.Nc3e4 a5
22.Rf1f3 Bh6g7
23.Qe2f2 Bg7h8
24.Bf6e7 Bh8g7
25.Ne4f6 Bg7xf6
26.Rf3xf6 Qc6xg2
27.Qf2xg2 Bb7xg2
28.Kxg2 { resign }
1-0

[Event "Tourn. n8049"]
[Site "www.chess-mail.com"]
[Date "2015.02.08"]
[Round "1"]
[White "Foxy100"]
[Black "Difficult"]
[WhiteElo "2200"]
[BlackElo "2040"]
[Result "0-1"]
[Round "1"]
1.e4 c5
2.Ng1f3 Nb8c6
3.d4 cxd4
4.Nf3xd4 g6
5.c4 Bf8g7
6.Bc1e3 Ng8f6
7.Nb1c3 d6
8.Bf1e2 Bc8d7
9.O-O Nc6xd4
10.Be3xd4 O-O
11.h3 Bd7c6
12.Qd1d3 Qd8c7
13.Nc3d5 Bc6xd5
14.exd5 e5
15.dxe6 fxe6
16.Ra1d1 e5
17.Bd4e3 Rf8d8
{ resign }
0-1

[Event "Match"]
[Site "www.echecsemail.com"]
[Date "2015.02.08"]
[Round "1"]
[White "Derik"]
[Black "Fresnel"]
[WhiteElo "1490"]
[BlackElo "1499"]
[Result "0-1"]
[Round "1"]
1.e4 e5
2.d3 Ng8f6
3.Nb1d2 d5
4.Qd1e2 Nb8c6
5.Ng1f3 Bf8d6
6.g3 O-O
7.Bf1g2 Bc8g4
8.O-O Qd8d7
9.h3 Bg4xh3
10.Nf3h4 Nc6d4
11.Qe2d1 Bh3g4
12.f3 Bd6c5
13.c3 { time. }
0-1

[Event "Match"]
[Site "www.echecsemail.com"]
[Date "2015.02.08"]
[Round "1"]
[White "Gavroche"]
[Black "Udo"]
[WhiteElo "1780"]
[BlackElo "1560"]
[Result "1-0"]
[Round "1"]
1.d4 d5
2.c4 c6
3.Nb1c3 dxc4
4.e4 b5
5.b3 Bc8e6
6.d5 Be6d7
7.dxc6 Bd7xc6
8.Qd1xd8 Kxd8
9.bxc4 b4
10.Nc3d5 a5
11.Ng1f3 Bc6xd5
12.cxd5 f6
13.Bf1c4 Nb8d7
14.O-O Nd7e5
15.Nf3xe5 fxe5
16.Bc1b2 Ra8c8
17.Bc4b3 Ng8f6
18.f3 Nf6d7
19.f4 Nd7c5
20.Bb2xe5 Nc5xe4
21.Rf1c1 Rc8a8
22.Bb3a4 e6
23.dxe6 h6
24.Ba4c6 Ra8c8
25.Bc6xe4 Bf8c5
26.Kf1 Ke7
27.f5 Rh8d8
28.Be5xg7 Rd8d4
29.Bg7xd4 Kd6
30.Bd4xc5 Ke5
31.e7 Kxe4
32.f6 Rc8b8
33.f7 Kf5
34.f8Q Rb8xf8
35.exf8Q Kg6
36.Rc1e1 h5
37.Re1e5 h4
38.Qf8f5 Kg7
39.Re5e7 { resign }
1-0

[Event "Match"]
[Site "www.echecsemail.com"]
[Date "2015.02.08"]
[Round "1"]
[White "Apdash"]
[Black "Nestor"]
[WhiteElo "2160"]
[BlackElo "2100"]
[Result "0-1"]
[Round "1"]
1.d4 d5
2.Ng1f3 Ng8f6
3.c4 Nb8c6
4.Nb1c3 Bc8g4
5.cxd5 Nf6xd5
6.e3 e6
7.Bf1e2 Bf8b4
8.Bc1d2 O-O
9.O-O Bb4d6
10.Nc3b5 a6
11.Nb5c3 Qd8f6
12.Nc3e4 Qf6g6
13.Ne4xd6 cxd6
14.Kh1 e5
15.dxe5 dxe5
16.h3 Bg4xf3
17.Be2xf3 e4
 { time }
0-1

[Event "Match"]
[Site "www.echecsemail.com"]
[Date "2015.02.08"]
[Round "1"]
[White "E4player"]
[Black "Pare123"]
[WhiteElo "1809"]
[BlackElo "1970"]
[Result "1-0"]
[Round "1"]
1.e4 c5
2.Nb1c3 Nb8c6
3.Ng1f3 g6
4.d4 cxd4
5.Nf3xd4 Bf8g7
6.Bc1e3 Qd8a5
7.Bf1e2 Qa5b4
8.a3 Qb4xb2
9.Nc3a4 Bg7xd4
10.Na4xb2 Bd4xb2
11.Ra1a2 Bb2g7
12.O-O d6
13.Be2c4 Ng8f6
14.Qd1d2 O-O
15.f3 Nc6e5
16.Bc4b3 Bc8d7
17.a4 a6
18.Be3d4 Ne5c6
19.Bd4b2 a5
20.Qd2e2 Nc6b4
21.Ra2a1 Rf8c8
22.Ra1b1 e5
23.f4 Bd7g4
24.Qe2e3 Bg4d7
25.fxe5 dxe5
26.Qe3g5 Nf6xe4
27.Bb3xf7 Kh8
28.Qg5e7 Bd7c6
29.Bb2xe5 { resign }
1-0

[Event "Match"]
[Site "www.echecsemail.com"]
[Date "2015.02.08"]
[Round "1"]
[White "Gmi42"]
[Black "Carloswhizz"]
[WhiteElo "1809"]
[BlackElo "1740"]
[Result "1-0"]
[Round "1"]
1.e4 d5
2.exd5 c6
3.dxc6 Nb8xc6
4.Nb1c3 Ng8f6
5.Bf1c4 e6
6.Ng1f3 Bf8e7
7.O-O Bc8d7
8.d4 O-O
9.h3 a6
10.Bc1e3 b5
11.Bc4d3 Ra8c8
12.a3 Rf8e8
13.Qd1e2 h6
14.Nf3e5 Nc6xe5
15.dxe5 Nf6d5
16.Nc3xd5 exd5
17.f4 Be7h4
18.Be3d4 f6
19.Qe2h5 f5
20.Bd3xf5 Bd7xf5
21.Qh5xf5 Re8f8
22.Qf5d3 Rc8c4
23.f5 Qd8g5
24.f6 g6
25.e6 Rc4c8
26.f7 Rf8xf7
27.exf7 Kf8
28.Bd4g7 Kxg7
29.Qd3d4 Kf8
30.Qd4h8 Ke7
31.Qh8xc8 Qg5e3
32.Kh1 Bh4f2
33.f8Q { resign }
1-0

[Event "Match"]
[Site "www.echecsemail.com"]
[Date "2015.02.08"]
[Round "1"]
[White "Billyg"]
[Black "Mrmoto"]
[WhiteElo "1610"]
[BlackElo "1590"]
[Result "1/2-1/2"]
[Round "1"]
1.e4 c5
2.d3 d5
3.f3 dxe4
4.fxe4 e5
5.Bc1e3 b6
6.Nb1c3 Bc8e6
7.Ng1f3 Ng8e7
8.Nf3xe5 Nb8c6
9.Ne5xc6 Ne7xc6
10.Qd1f3 Nc6e5
11.Qf3h5 Bf8d6
12.d4 Be6g4
13.Qh5g5 Qd8xg5
14.Be3xg5 Ne5d7
15.h3 Bg4h5
16.e5 Bd6c7
17.g4 Bh5g6
18.Bf1g2 Ra8b8
19.h4 cxd4
20.Nc3d5 Bc7xe5
21.O-O-O f6
22.Bg5d2 Rb8c8
23.h5 Bg6xc2
24.Rd1g1 d3
25.Nd5c3 O-O
26.Rg1f1 a5
27.Rh1h3 a4
28.Bg2e4 b5
29.Be4xd3 Bc2xd3
30.Rh3xd3 Nd7c5
31.Rd3d5 b4
32.Nc3d1 Nc5e4
33.Kb1 Rf8d8
34.Rd5xd8 Rc8xd8
35.Bd2xb4 Ne4d2
36.Bb4xd2 Rd8xd2
37.Nd1c3 Be5xc3
38.bxc3 Rd2g2
39.Rf1c1 Rg2xg4
40.c4 Rg4d4
41.c5 Rd4b4
42.Ka1 Rb4b8
43.c6 Rb8c8
44.Rc1c4 Kf7
45.Kb2 Ke6
46.Ka3 Kd5
47.Rc4xa4 Rc8xc6
48.Ra4b4 { draw }
1/2-1/2

[Event "Match"]
[Site "www.echecsemail.com"]
[Date "2015.02.08"]
[Round "1"]
[White "Kjvh2004"]
[Black "Derik"]
[WhiteElo "1499"]
[BlackElo "1500"]
[Result "0-1"]
[Round "1"]
1.d4 e6
2.c3 d5
3.e3 c5
4.b4 c4
5.a4 Ng8e7
6.f4 g6
7.Qd1g4 Bf8g7
8.Ng1f3 O-O
9.h4 Qd8c7
10.b5 Ne7f5
11.Qg4g5 f6
 { time }
0-1

[Event "Eq:Good team-Slap Shot Mates : "]
[Site "www.chess-mail.com"]
[Date "2015.02.08"]
[Round "1"]
[White "Pikejohn"]
[Black "Tatar"]
[WhiteElo "2550"]
[BlackElo "2650"]
[Result "0-1"]
[Round "1"]
1.e4 g6
2.d4 Bf8g7
3.Ng1f3 d6
4.Nb1c3 a6
5.Bf1c4 b5
6.Bc4b3 Nb8c6
7.e5 Ng8h6
8.O-O O-O
9.Bb3d5 Qd8d7
10.Rf1e1 e6
11.Bd5e4 d5
12.Be4d3 f6
13.exf6 Rf8xf6
14.Nc3e2 Qd7d6
15.c3 Nh6g4
16.Ne2g3 e5
17.h3 Ng4xf2
18.Kxf2 exd4
19.Re1e8 Kf7
20.Re8e2 dxc3
21.bxc3 Kg8
22.Re2e8 Kf7
23.Re8e3 Kg8
24.Ra1b1 Bc8d7
25.Ng3f1 d4
26.cxd4 Nc6xd4
 { time }
0-1

[Event "Eq:Cats in the rain-Los Tercios : "]
[Site "www.chess-mail.com"]
[Date "2015.02.08"]
[Round "1"]
[White "Uliczny2"]
[Black "Desiderio"]
[WhiteElo "1710"]
[BlackElo "2020"]
[Result "1/2-1/2"]
[Round "1"]
1.e4 d5
2.exd5 Qd8xd5
3.Nb1c3 Qd5a5
4.d4 Ng8f6
5.Bc1d2 c6
6.Ng1f3 Bc8f5
7.Bf1c4 e6
8.Nc3d5 Qa5d8
9.Nd5e3 Bf5g6
10.c3 Nb8d7
11.O-O Bf8e7
12.Qd1b3 Ra8b8
13.Rf1e1 O-O
14.Nf3h4 Nd7b6
15.Nh4xg6 hxg6
16.Ra1d1 Nb6xc4
17.Ne3xc4 Nf6d5
18.Re1e2 Qd8c7
19.Rd1e1 Nd5b6
20.Nc4xb6 Qc7xb6
21.Qb3xb6 axb6
22.Bd2f4 { draw }
1/2-1/2

[Event "Eq:BEAC Hungary-CONFOEDERATIONIS HELVETICAE : "]
[Site "www.chess-mail.com"]
[Date "2015.02.08"]
[Round "1"]
[White "Agmac"]
[Black "Stevefillion"]
[WhiteElo "2560"]
[BlackElo "2250"]
[Result "1-0"]
[Round "1"]
1.e4 e6
2.d4 d5
3.e5 c5
4.c3 Nb8c6
5.Ng1f3 Bc8d7
6.Bf1e2 Ng8e7
7.O-O Ne7f5
8.dxc5 Bf8xc5
9.Be2d3 Nf5h4
10.Rf1e1 Nh4xf3
11.Qd1xf3 f5
12.Qf3h5 g6
13.Qh5e2 h6
14.Nb1d2 Qd8e7
15.b4 Bc5b6
16.a4 Bb6c7
17.Nd2f3 Qe7g7
18.b5 Nc6e7
19.c4 O-O
20.Qe2d2 Kh7
21.Bc1a3 Rf8e8
22.Ba3d6 Ra8c8
23.c5 g5
24.Ra1c1 Bc7b8
25.a5 { resign }
1-0